| 000 -LEADER |
| fixed length control field |
01326nam a2200337 4500 |
| 008 - FIXED-LENGTH DATA ELEMENTS--GENERAL INFORMATION |
| fixed length control field |
250528b xxu||||| |||| 00| 0 eng d |
| 040 ## - CATALOGING SOURCE |
| Original cataloging agency |
Cagayan State University |
| Description conventions |
RDA |
| 082 ## - DEWEY DECIMAL CLASSIFICATION NUMBER |
| Classification number |
791.4372 |
| Item number |
Ex87 2023 |
| 245 ## - TITLE STATEMENT |
| Title |
Extraction 2 / directed by Sam Hargrave, written by Joe Russo, produced by Joe Russo, Anthony Russo, Chris Hemsworth, Patrick Newall, Sam Hargrave, Mike Larocca, Russo-Otstot Angela, Gitter Eric, Schwerin Peter. |
| 260 ## - PUBLICATION, DISTRIBUTION, ETC. (IMPRINT) |
| Place of publication, distribution, etc |
United States : |
| Name of publisher, distributor, etc |
Netflix, |
| Date of publication, distribution, etc |
2023. |
| 300 ## - PHYSICAL DESCRIPTION |
| Extent |
1 videofile, 123 minutes : |
| Other physical details |
sound, color. |
| 520 ## - SUMMARY, ETC. |
| Summary, etc |
After barely surviving his grievous wounds from his mission in Dhaka, Bangladesh, Tyler Rake is back, and his team is ready to take on their next mission. |
| 521 ## - TARGET AUDIENCE NOTE |
| Target audience note |
R. |
| 546 ## - LANGUAGE NOTE |
| Language note |
English. |
| 650 ## - SUBJECT ADDED ENTRY--TOPICAL TERM |
| Topical term or geographic name as entry element |
Action. |
| 650 ## - SUBJECT ADDED ENTRY--TOPICAL TERM |
| Topical term or geographic name as entry element |
Crime. |
| 650 ## - SUBJECT ADDED ENTRY--TOPICAL TERM |
| Topical term or geographic name as entry element |
Thriller. |
| 700 ## - ADDED ENTRY--PERSONAL NAME |
| Personal name |
Hemsworth, Chris, star. |
| 700 ## - ADDED ENTRY--PERSONAL NAME |
| Personal name |
Farahani, Golshifteh, star. |
| 700 ## - ADDED ENTRY--PERSONAL NAME |
| Personal name |
Bessa, Adam, star. |
| 700 ## - ADDED ENTRY--PERSONAL NAME |
| Personal name |
Gogrichiani, Tornike, star. |
| 700 ## - ADDED ENTRY--PERSONAL NAME |
| Personal name |
Bziava, Tornike, star. |
| 700 ## - ADDED ENTRY--PERSONAL NAME |
| Personal name |
Dalakishvili, Tinatin, star. |
| 700 ## - ADDED ENTRY--PERSONAL NAME |
| Personal name |
Bernhardt, Daniel, star. |
| 700 ## - ADDED ENTRY--PERSONAL NAME |
| Personal name |
Kurylenko, Olga, star. |
| 700 ## - ADDED ENTRY--PERSONAL NAME |
| Personal name |
Elba, Idris, star. |
| 700 ## - ADDED ENTRY--PERSONAL NAME |
| Personal name |
Baldi, Greg, cinematographer. |
| 700 ## - ADDED ENTRY--PERSONAL NAME |
| Personal name |
Rodriguez, Alex, editor. |
| 700 ## - ADDED ENTRY--PERSONAL NAME |
| Personal name |
Hoy, William, editor. |
| 942 ## - ADDED ENTRY ELEMENTS (KOHA) |
| Source of classification or shelving scheme |
|
| Item type |
Audio-Visual Materials |